[Event "March Active"]
[Site "Winnipeg CAN"]
[Date "2004.03.30"]
[Round "4"]
[White "Hogeveen Rutter, Alexander"]
[Black "Schulz, Waldemar"]
[Result "0-1"]
[WhiteElo "1768"]
[BlackElo "2088"]
[PlyCount "100"]
[GameId "2160767911175185"]
[EventDate "2004.03.30"]
[EventType "swiss (rapid)"]
[EventRounds "4"]
[EventCountry "CAN"]
[SourceTitle "EXT 2006"]
[Source "ChessBase"]
[SourceDate "2005.11.24"]
[SourceVersion "1"]
[SourceVersionDate "2005.11.24"]
[SourceQuality "1"]

1. e4 c5 2. Nf3 e6 3. d4 cxd4 4. Nxd4 Nf6 5. Nc3 d6 6. Bc4 Qc7 7. Bb3 a6 8. O-O Nc6 9. Be3 Be7 10. Kh1 O-O 11. f3 Na5 12. Qd2 Nxb3 13. Nxb3 b5 14. a3 Bb7 15. Rad1 Rac8 16. Bf4 Rfd8 17. Rfe1 Ne8 18. Nc1 Bf6 19. N1a2 Qc4 20. Qe2 d5 21. Qxc4 Rxc4 22. exd5 Rxf4 23. dxe6 fxe6 24. Rxd8 Bxd8 25. Rxe6 Kf7 26. Re2 Rd4 27. Nb4 Nf6 28. Nd3 Bc7 29. Kg1 Nd5 30. Ne4 Nf4 31. Ng5+ Kg6 32. Nxf4+ Bxf4 33. Ne6 Rd1+ 34. Kf2 Bd6 35. c3 Kf6 36. h4 Bd5 37. Ng5 Bc4 38. Ne4+ Kf7 39. Nxd6+ Rxd6 40. Re4 Rd2+ 41. Kg3 Rxb2 42. Rf4+ Ke6 43. Re4+ Kf6 44. Rf4+ Ke7 45. Re4+ Be6 46. f4 Kf6 47. Re5 Rb3 48. Rc5 Rxa3 49. Kf3 b4 50. g4 Rxc3+ 0-1

[Event "March Active"]
[Site "Winnipeg CAN"]
[Date "2004.03.30"]
[Round "4"]
[White "Lipnowski, Samuel"]
[Black "Vincent, Trevor"]
[Result "1-0"]
[WhiteElo "2121"]
[BlackElo "2053"]
[PlyCount "71"]
[GameId "2160767911175186"]
[EventDate "2004.03.30"]
[EventType "swiss (rapid)"]
[EventRounds "4"]
[EventCountry "CAN"]
[SourceTitle "EXT 2006"]
[Source "ChessBase"]
[SourceDate "2005.11.24"]
[SourceVersion "1"]
[SourceVersionDate "2005.11.24"]
[SourceQuality "1"]

1. e4 c5 2. Nf3 Nc6 3. d4 cxd4 4. Nxd4 g6 5. Nc3 Bg7 6. Be3 Nf6 7. f3 O-O 8. g4 Qb6 9. Rb1 Nxe4 10. fxe4 Bxd4 11. Nd5 Qa5+ 12. b4 Qxa2 13. Bxd4 Nxd4 14. Nxe7+ Kg7 15. Qxd4+ f6 16. Rb2 Qa1+ 17. Kf2 Qc1 18. Nd5 Qg5 19. h4 Qxg4 20. Be2 Qe6 21. Nc7 Qe5 22. Qxe5 fxe5+ 23. Ke3 Rb8 24. Rf1 Rxf1 25. Bxf1 d6 26. Ne8+ Kf8 27. Nxd6 Ke7 28. Nc4 Kf6 29. c3 Bg4 30. Rf2+ Ke6 31. Na5 b6 32. Bc4+ Kd7 33. Rf7+ Ke8 34. Rxh7 Rd8 35. Bb5+ Bd7 36. Nc6 1-0

[Event "March Active"]
[Site "Winnipeg CAN"]
[Date "2004.03.30"]
[Round "4"]
[White "MacPherson, Al"]
[Black "Nikouline, Alexandre"]
[Result "0-1"]
[WhiteElo "1638"]
[BlackElo "1987"]
[PlyCount "78"]
[GameId "2160767911175187"]
[EventDate "2004.03.30"]
[EventType "swiss (rapid)"]
[EventRounds "4"]
[EventCountry "CAN"]
[SourceTitle "EXT 2006"]
[Source "ChessBase"]
[SourceDate "2005.11.24"]
[SourceVersion "1"]
[SourceVersionDate "2005.11.24"]
[SourceQuality "1"]

1. d4 Nf6 2. c4 g6 3. Nc3 d5 4. Bg5 Bg7 5. e3 O-O 6. Nf3 Ne4 7. Nxe4 dxe4 8. Nd2 f5 9. Be2 c5 10. Nb3 Na6 11. O-O Qc7 12. Qc2 b6 13. Bf4 Qc6 14. f3 Nb4 15. Qd2 Rd8 16. a3 Na6 17. Rad1 e5 18. d5 Qa4 19. Bg5 Rd7 20. Qc2 exf3 21. gxf3 Bb7 22. Na1 Qxc2 23. Nxc2 Nc7 24. e4 Ne8 25. Kf2 Nd6 26. Bd3 f4 27. Rh1 h6 28. Bh4 g5 29. Rhg1 gxh4 30. Rg6 Kh7 31. Rdg1 Rf8 32. Bf1 Bf6 33. b4 Rg7 34. Rxg7+ Bxg7 35. bxc5 bxc5 36. a4 Bc8 37. Na3 a6 38. Ke2 Bd7 39. Kd3 Rb8 0-1

[Event "March Active"]
[Site "Winnipeg CAN"]
[Date "2004.03.30"]
[Round "4"]
[White "Prince, Colin"]
[Black "Magyar, Peter"]
[Result "1-0"]
[WhiteElo "1705"]
[BlackElo "1685"]
[PlyCount "35"]
[GameId "2160767911175188"]
[EventDate "2004.03.30"]
[EventType "swiss (rapid)"]
[EventRounds "4"]
[EventCountry "CAN"]
[SourceTitle "EXT 2006"]
[Source "ChessBase"]
[SourceDate "2005.11.24"]
[SourceVersion "1"]
[SourceVersionDate "2005.11.24"]
[SourceQuality "1"]

1. e4 e6 2. d4 d5 3. e5 c5 4. c3 Ne7 5. Bd3 Nd7 6. Nf3 Nc6 7. O-O f6 8. Ng5 f5 9. Nxe6 Qb6 10. Bxf5 cxd4 11. Qh5+ Ke7 12. Bg5+ Nf6 13. exf6+ gxf6 14. Re1 Ne5 15. Rxe5 fxg5 16. Nxf8+ Kd6 17. Bxc8 Kxe5 18. Nd7+ 1-0

[Event "March Active"]
[Site "Winnipeg CAN"]
[Date "2004.03.30"]
[Round "4"]
[White "Repa, Jason"]
[Black "Zaczek, Jonathon"]
[Result "1-0"]
[WhiteElo "1964"]
[BlackElo "1856"]
[PlyCount "75"]
[GameId "2160767911175189"]
[EventDate "2004.03.30"]
[EventType "swiss (rapid)"]
[EventRounds "4"]
[EventCountry "CAN"]
[SourceTitle "EXT 2006"]
[Source "ChessBase"]
[SourceDate "2005.11.24"]
[SourceVersion "1"]
[SourceVersionDate "2005.11.24"]
[SourceQuality "1"]

1. f4 g6 2. Nf3 Bg7 3. e4 c5 4. Nc3 Nc6 5. Bb5 e6 6. Bxc6 bxc6 7. e5 Ne7 8. Ne4 O-O 9. Nxc5 d6 10. Ne4 dxe5 11. fxe5 Ba6 12. Nc5 Qa5 13. Nxa6 Qxa6 14. Qe2 Qb6 15. Qf2 Qb5 16. Qe2 Qb6 17. b3 Nd5 18. d3 Rad8 19. Qf2 Qxf2+ 20. Kxf2 Nb4 21. Bg5 Rd7 22. Rhc1 Rd5 23. a3 Na6 24. Re1 h6 25. Bd2 Nb8 26. Bc3 Rc5 27. Bb4 Rxc2+ 28. Re2 Rxe2+ 29. Kxe2 Rd8 30. Rc1 Rd5 31. Bd6 Nd7 32. Rxc6 Nxe5 33. Rc8+ Kh7 34. Nxe5 Bxe5 35. Bxe5 Rxe5+ 36. Kd2 a5 37. b4 Rb5 38. Rc5 1-0

[Event "March Active"]
[Site "Winnipeg CAN"]
[Date "2004.03.30"]
[Round "4"]
[White "Rutter, Blair"]
[Black "Silva, T Romero"]
[Result "0-1"]
[WhiteElo "1626"]
[BlackElo "1806"]
[PlyCount "80"]
[GameId "2160767911175190"]
[EventDate "2004.03.30"]
[EventType "swiss (rapid)"]
[EventRounds "4"]
[EventCountry "CAN"]
[SourceTitle "EXT 2006"]
[Source "ChessBase"]
[SourceDate "2005.11.24"]
[SourceVersion "1"]
[SourceVersionDate "2005.11.24"]
[SourceQuality "1"]

1. d4 Nf6 2. c4 e6 3. Nc3 d5 4. Nf3 c6 5. Bg5 Nbd7 6. c5 Qa5 7. Bd2 Qc7 8. Qc2 e5 9. e3 Be7 10. h3 O-O 11. Be2 a5 12. Na4 e4 13. Nh2 b5 14. cxb6 Nxb6 15. Nxb6 Qxb6 16. Rc1 Bd7 17. Ng4 Rfc8 18. Ne5 Be8 19. Bg4 Rc7 20. O-O Bd6 21. f4 c5 22. dxc5 Rxc5 23. Qb1 Bb5 24. Rfe1 Bxe5 25. fxe5 Nxg4 26. hxg4 Bd3 27. Qa1 Rb5 28. Bc3 Qg6 29. a4 Rb6 30. Bd4 Re6 31. Rc5 Qxg4 32. Qd1 Qg3 33. Qd2 Rh6 34. Rec1 g6 35. Rc8+ Rxc8 36. Rxc8+ Kg7 37. e6+ f6 38. Bxf6+ Kxf6 39. Qc3+ Kg5 40. Rc5 Qxe3# 0-1

[Event "Maritime op"]
[Site "Saint John CAN"]
[Date "2004.09.11"]
[Round "6"]
[White "Cashin, Ken"]
[Black "Davis, Neil"]
[Result "1-0"]
[WhiteElo "1633"]
[BlackElo "1951"]
[PlyCount "57"]
[GameId "2160767911061038"]
[EventDate "2004.10.09"]
[EventType "swiss"]
[EventRounds "6"]
[EventCountry "CAN"]

1. e4 c5 2. Nf3 Nc6 3. d4 cxd4 4. Nxd4 e5 5. Nf3 Nf6 6. Bc4 h6 7. O-O d6 8. Re1 Bg4 9. c3 Be7 10. Nbd2 O-O 11. Nf1 Rc8 12. Ne3 Qd7 13. Bd5 Nxd5 14. Nxd5 Bd8 15. Be3 f5 16. Qb3 Kh8 17. Qa4 f4 18. Bd2 Bxf3 19. gxf3 Qh3 20. Qd1 Ne7 21. Kh1 Nxd5 22. exd5 Bb6 23. Qe2 Rf5 24. Rg1 Rcf8 25. Rg2 Rh5 26. Rag1 Rh4 27. Qe4 Rf5 28. Be1 Rfh5 29. Qh7+ 1-0

[Event "Mauricie op"]
[Site "Trois-Rivieres CAN"]
[Date "2004.03.19"]
[Round "1"]
[White "Bolduc, Steve"]
[Black "Cazelais, Marc"]
[Result "0-1"]
[WhiteElo "2353"]
[BlackElo "2119"]
[PlyCount "116"]
[GameId "2160767911183551"]
[EventDate "2004.03.19"]
[EventType "swiss"]
[EventRounds "5"]
[EventCountry "CAN"]

1. d4 g6 2. e4 Bg7 3. Nf3 c6 4. c4 d5 5. exd5 cxd5 6. Nc3 Nf6 7. Bg5 Be6 8. c5 O-O 9. Rc1 Nc6 10. h3 Ne4 11. Bf4 Qa5 12. Be2 Qb4 13. a3 Qxb2 14. Nb5 a6 15. Rc2 Qb3 16. Nc7 Nxd4 17. Nxd4 Bxd4 18. O-O Rac8 19. Qxd4 Qxc2 20. Nxe6 fxe6 21. Bg4 Rc6 22. Bh6 Qc3 23. Qb4 Qxb4 24. axb4 Rd8 25. Rd1 Kf7 26. Bf3 Nf6 27. Bf4 Rdc8 28. Be3 Nd7 29. Be2 R6c7 30. Rd4 Nf6 31. Bf4 Rd7 32. g4 Ne8 33. Be5 Nf6 34. g5 Ne8 35. Rf4+ Kg8 36. Bg4 Rc6 37. b5 axb5 38. Rb4 Nc7 39. h4 Rxc5 40. f4 Kf7 41. h5 d4 42. hxg6+ hxg6 43. Rb2 d3 44. Bd1 Rxe5 45. fxe5 Rd5 46. Rb3 Rxe5 47. Rxd3 Rxg5+ 48. Kh2 Nd5 49. Ra3 Kf6 50. Kh3 Ke5 51. Bg4 Kd6 52. Ra8 Re5 53. Kg3 b4 54. Kf2 Kc5 55. Be2 b3 56. Rc8+ Kb6 57. Rc1 b2 58. Re1 Nc3 0-1

[Event "Mauricie op"]
[Site "Trois-Rivieres CAN"]
[Date "2004.03.19"]
[Round "1"]
[White "Duclos, Alain"]
[Black "Morin, Gaetan"]
[Result "1-0"]
[WhiteElo "1755"]
[BlackElo "1702"]
[PlyCount "83"]
[GameId "2160767911183552"]
[EventDate "2004.03.19"]
[EventType "swiss"]
[EventRounds "5"]
[EventCountry "CAN"]
[SourceTitle "EXT 2005"]
[Source "ChessBase"]
[SourceDate "2004.11.15"]
[SourceVersion "1"]
[SourceVersionDate "2004.11.15"]
[SourceQuality "1"]

1. e4 c5 2. Nf3 Nc6 3. d4 cxd4 4. Nxd4 g6 5. Nc3 Bg7 6. Be3 d6 7. Qd2 a6 8. Bc4 Bd7 9. O-O-O Ne5 10. Bb3 b5 11. f3 Nc4 12. Bxc4 bxc4 13. g4 a5 14. h4 h5 15. g5 a4 16. a3 Rb8 17. Nd5 Qc8 18. c3 f5 19. exf5 Bxf5 20. Nxf5 Qxf5 21. Qc2 Qxc2+ 22. Kxc2 e6 23. Nb6 d5 24. Nxa4 Ne7 25. Rhe1 Nc6 26. Bf4 e5 27. Rxd5 O-O 28. Bc1 Rxf3 29. Rc5 Ne7 30. Rxc4 Nf5 31. Rh1 Rf2+ 32. Kb1 Ng3 33. Rd1 e4 34. Rc7 Re8 35. Re1 Nf5 36. Be3 Rf3 37. Bc5 e3 38. Nb6 e2 39. Kc2 Nxh4 40. Rc8 Rxc8 41. Nxc8 Rf1 42. Rxe2 1-0

[Event "Mauricie op"]
[Site "Trois-Rivieres CAN"]
[Date "2004.03.19"]
[Round "1"]
[White "Fortier, Marc-Andre"]
[Black "Poirier, Erik"]
[Result "1-0"]
[WhiteElo "2204"]
[BlackElo "2073"]
[PlyCount "37"]
[GameId "2160767911183553"]
[EventDate "2004.03.19"]
[EventType "swiss"]
[EventRounds "5"]
[EventCountry "CAN"]
[SourceTitle "EXT 2005"]
[Source "ChessBase"]
[SourceDate "2004.11.15"]
[SourceVersion "1"]
[SourceVersionDate "2004.11.15"]
[SourceQuality "1"]

1. e4 c5 2. Nc3 Nc6 3. g3 g6 4. Bg2 Bg7 5. d3 e6 6. Be3 d6 7. f4 Nge7 8. Nf3 O-O 9. O-O Rb8 10. d4 cxd4 11. Nxd4 Nxd4 12. Bxd4 Bxd4+ 13. Qxd4 Nc6 14. Qe3 Qa5 15. Rad1 Rd8 16. Rf2 b5 17. e5 d5 18. f5 b4 19. f6 1-0

[Event "Mauricie op"]
[Site "Trois-Rivieres CAN"]
[Date "2004.03.19"]
[Round "1"]
[White "Landry, Sylvain"]
[Black "Anastasovski, Nikola"]
[Result "0-1"]
[WhiteElo "2060"]
[BlackElo "2010"]
[PlyCount "56"]
[GameId "2160767911183554"]
[EventDate "2004.03.19"]
[EventType "swiss"]
[EventRounds "5"]
[EventCountry "CAN"]
[SourceTitle "EXT 2005"]
[Source "ChessBase"]
[SourceDate "2004.11.15"]
[SourceVersion "1"]
[SourceVersionDate "2004.11.15"]
[SourceQuality "1"]

1. e4 e5 2. Nf3 Nc6 3. Bb5 f5 4. Nc3 Nf6 5. exf5 e4 6. Qe2 Qe7 7. Bxc6 bxc6 8. Nh4 d5 9. g4 g5 10. fxg6 Nxg4 11. Ng2 hxg6 12. h3 Ne5 13. Nf4 Nf3+ 14. Kf1 Qg5 15. Nxe4 Qxf4 16. Ng5+ Be7 17. d3 Qf6 18. Qxf3 Qxf3 19. Nxf3 Bxh3+ 20. Ke2 O-O-O 21. Be3 Bg4 22. Bd4 Rhf8 23. Rhg1 Bxf3+ 24. Kd2 c5 25. Be5 Rf5 26. Rae1 Bg5+ 27. Kc3 Rxe5 28. Rxe5 Bf6 0-1

[Event "Mauricie op"]
[Site "Trois-Rivieres CAN"]
[Date "2004.03.19"]
[Round "1"]
[White "Maxant, Joseph"]
[Black "Lopez, Jose"]
[Result "1/2-1/2"]
[WhiteElo "1799"]
[BlackElo "1729"]
[PlyCount "94"]
[GameId "2160767911183556"]
[EventDate "2004.03.19"]
[EventType "swiss"]
[EventRounds "5"]
[EventCountry "CAN"]
[SourceTitle "EXT 2005"]
[Source "ChessBase"]
[SourceDate "2004.11.15"]
[SourceVersion "1"]
[SourceVersionDate "2004.11.15"]
[SourceQuality "1"]

1. e4 c5 2. c3 d5 3. exd5 Qxd5 4. d4 cxd4 5. cxd4 e6 6. Nf3 Nf6 7. Nc3 Bb4 8. Bd2 Bxc3 9. bxc3 O-O 10. Be2 Nc6 11. O-O Ne4 12. c4 Qd7 13. Be3 Nc3 14. Qc2 Nxe2+ 15. Qxe2 b6 16. Qd2 Ba6 17. Rfc1 Rfd8 18. c5 Bb7 19. cxb6 axb6 20. Qb2 Ra6 21. Ne5 Nxe5 22. dxe5 Qd5 23. f3 Qa5 24. Rc7 Bd5 25. a3 b5 26. Rcc1 h6 27. h3 Rda8 28. Bc5 Bc4 29. Kh2 Qd8 30. Bd6 Qh4 31. Re1 Qf4+ 32. Kg1 Rc8 33. Re4 Qg5 34. Rc1 Rac6 35. Ree1 Qh4 36. Qb4 Qd4+ 37. Kh1 Qd3 38. Red1 Qe3 39. Re1 Qf2 40. Rg1 Qe2 41. Rge1 Qf2 42. Rg1 Qg3 43. Qe1 Qf4 44. Bb4 Qf5 45. Qe3 Bd5 46. Rxc6 Rxc6 47. Bd2 Rc2 1/2-1/2

[Event "Mauricie op"]
[Site "Trois-Rivieres CAN"]
[Date "2004.03.19"]
[Round "1"]
[White "Pilotte, Benoit"]
[Black "Lemire-Paquin, Alexandre"]
[Result "1-0"]
[WhiteElo "1737"]
[BlackElo "1683"]
[PlyCount "75"]
[GameId "2160767911183557"]
[EventDate "2004.03.19"]
[EventType "swiss"]
[EventRounds "5"]
[EventCountry "CAN"]
[SourceTitle "EXT 2006"]
[Source "ChessBase"]
[SourceDate "2005.11.24"]
[SourceVersion "1"]
[SourceVersionDate "2005.11.24"]
[SourceQuality "1"]

1. e4 c5 2. Nc3 Nc6 3. f4 g6 4. Nf3 Bg7 5. Bc4 d6 6. O-O e6 7. Qe2 Nge7 8. d3 O-O 9. Bd2 d5 10. exd5 exd5 11. Bb5 Bg4 12. Bxc6 Nxc6 13. Qf2 Nd4 14. Ne5 Be6 15. Na4 b6 16. c3 Nf5 17. b4 Qe8 18. Nb2 Rc8 19. bxc5 bxc5 20. g4 Nd6 21. Be3 Nb7 22. d4 c4 23. f5 f6 24. Nxg6 hxg6 25. fxe6 Qxe6 26. Qf3 Nd6 27. Rfe1 Ne4 28. Nd1 f5 29. Nf2 fxg4 30. Qg2 Rce8 31. Nxg4 Nxc3 32. Ne5 Bxe5 33. dxe5 Re7 34. Rac1 Ne4 35. Rxc4 dxc4 36. Qxe4 Kg7 37. Re2 Rc7 38. Rf2 1-0

[Event "Mauricie op"]
[Site "Trois-Rivieres CAN"]
[Date "2004.03.19"]
[Round "1"]
[White "Pollender, Andre"]
[Black "Lemarier, Stephane"]
[Result "0-1"]
[WhiteElo "1432"]
[BlackElo "1367"]
[PlyCount "26"]
[GameId "2160767911183559"]
[EventDate "2004.03.19"]
[EventType "swiss"]
[EventRounds "5"]
[EventCountry "CAN"]
[SourceTitle "EXT 2005"]
[Source "ChessBase"]
[SourceDate "2004.11.15"]
[SourceVersion "1"]
[SourceVersionDate "2004.11.15"]
[SourceQuality "1"]

1. f4 e5 2. fxe5 d6 3. exd6 Bxd6 4. Nf3 Bg4 5. e3 Nf6 6. Be2 Nc6 7. O-O Qe7 8. Nh4 h5 9. Nf5 Bxh2+ 10. Kh1 Bxf5 11. Rxf5 Ng4 12. Qf1 Qh4 13. Bxg4 hxg4 0-1

[Event "Mauricie op"]
[Site "Trois-Rivieres CAN"]
[Date "2004.03.19"]
[Round "1"]
[White "Trottier, Yves"]
[Black "Beaudoin, Stephane"]
[Result "0-1"]
[WhiteElo "2062"]
[BlackElo "2072"]
[PlyCount "66"]
[GameId "2160767911183561"]
[EventDate "2004.03.19"]
[EventType "swiss"]
[EventRounds "5"]
[EventCountry "CAN"]
[SourceTitle "EXT 2005"]
[Source "ChessBase"]
[SourceDate "2004.11.15"]
[SourceVersion "1"]
[SourceVersionDate "2004.11.15"]
[SourceQuality "1"]

1. e4 g6 2. g3 Bg7 3. Bg2 d6 4. Nc3 Nc6 5. d3 e5 6. f4 exf4 7. Bxf4 Nge7 8. Qd2 O-O 9. Bh6 f5 10. Bxg7 Kxg7 11. O-O-O fxe4 12. dxe4 Bg4 13. Re1 Ne5 14. h3 Be6 15. Qe3 N7c6 16. Nf3 Nxf3 17. Bxf3 Ne5 18. Be2 Qd7 19. Nd5 Bxd5 20. exd5 Qf7 21. Qb3 Qe7 22. Bg4 b6 23. Qc3 Rf2 24. Rhf1 Raf8 25. Rxf2 Rxf2 26. Qe3 Qf6 27. Qc3 Qe7 28. Qe3 Rf7 29. Kb1 h5 30. Be2 Qf6 31. g4 hxg4 32. Bxg4 Nc4 33. Qb3 Nd2+ 0-1

[Event "Mauricie op"]
[Site "Trois-Rivieres CAN"]
[Date "2004.03.20"]
[Round "2"]
[White "Archambault, Serge"]
[Black "Duclos, Alain"]
[Result "0-1"]
[WhiteElo "1710"]
[BlackElo "1755"]
[PlyCount "28"]
[GameId "2160767911183562"]
[EventDate "2004.03.19"]
[EventType "swiss"]
[EventRounds "5"]
[EventCountry "CAN"]
[SourceTitle "EXT 2005"]
[Source "ChessBase"]
[SourceDate "2004.11.15"]
[SourceVersion "1"]
[SourceVersionDate "2004.11.15"]
[SourceQuality "1"]

1. d4 Nf6 2. c4 g6 3. Nc3 Bg7 4. e4 d6 5. Be2 O-O 6. f4 c5 7. e5 Nfd7 8. Be3 cxd4 9. Bxd4 dxe5 10. fxe5 Nxe5 11. Bf2 Nbc6 12. Nf3 Qa5 13. O-O Ng4 14. Qa4 Bxc3 0-1

[Event "Mauricie op"]
[Site "Trois-Rivieres CAN"]
[Date "2004.03.20"]
[Round "2"]
[White "Carrier, Claude"]
[Black "Sauve, Richard"]
[Result "0-1"]
[WhiteElo "1851"]
[BlackElo "2020"]
[PlyCount "47"]
[GameId "2160767911183563"]
[EventDate "2004.03.19"]
[EventType "swiss"]
[EventRounds "5"]
[EventCountry "CAN"]
[SourceTitle "EXT 2005"]
[Source "ChessBase"]
[SourceDate "2004.11.15"]
[SourceVersion "1"]
[SourceVersionDate "2004.11.15"]
[SourceQuality "1"]

1. e4 e6 2. d4 d5 3. Nc3 Nf6 4. e5 Nfd7 5. f4 c5 6. Nf3 Nc6 7. Be3 cxd4 8. Nxd4 Bc5 9. Qd2 O-O 10. O-O-O a6 11. h4 Nxd4 12. Bxd4 b5 13. Rh3 b4 14. Na4 Bxd4 15. Qxd4 f6 16. Qxb4 fxe5 17. Qd6 Qf6 18. f5 Qh6+ 19. Kb1 Nf6 20. Nc5 Ng4 21. fxe6 Bxe6 22. Qxe6+ Qxe6 23. Nxe6 Rf6 24. Nc7 0-1

[Event "Mauricie op"]
[Site "Trois-Rivieres CAN"]
[Date "2004.03.20"]
[Round "2"]
[White "Charbonneau, Anne-Marie"]
[Black "Plante, Rejean"]
[Result "1/2-1/2"]
[WhiteElo "2053"]
[BlackElo "2196"]
[PlyCount "80"]
[GameId "2160767911183565"]
[EventDate "2004.03.19"]
[EventType "swiss"]
[EventRounds "5"]
[EventCountry "CAN"]
[SourceTitle "EXT 2005"]
[Source "ChessBase"]
[SourceDate "2004.11.15"]
[SourceVersion "1"]
[SourceVersionDate "2004.11.15"]
[SourceQuality "1"]

1. d4 d5 2. c4 c6 3. Nf3 e6 4. e3 f5 5. Nc3 Nf6 6. Bd3 Bd6 7. Qc2 Ne4 8. O-O O-O 9. b3 Bd7 10. Ne5 Qc7 11. Bb2 Be8 12. f3 Nxc3 13. Bxc3 Nd7 14. Qb2 Nxe5 15. dxe5 Be7 16. Qc2 g6 17. Kh1 Qb6 18. Qf2 Bc5 19. Bd4 f4 20. Bxc5 Qxc5 21. exf4 Qxf2 22. Rxf2 Rxf4 23. Rd2 Rd4 24. Rad1 Rd8 25. Bc2 Rxd2 26. Rxd2 c5 27. Be4 Bc6 28. f4 Kf7 29. cxd5 exd5 30. Kg1 Ke6 31. g3 Rf8 32. Bg2 Rd8 33. Kf2 b6 34. Bh3+ Ke7 35. Bg2 Ba8 36. Bf3 d4 37. Bxa8 Rxa8 38. Kf3 Ke6 39. Ke4 Rf8 40. g4 Rf7 1/2-1/2

[Event "Mauricie op"]
[Site "Trois-Rivieres CAN"]
[Date "2004.03.20"]
[Round "2"]
[White "Lawson, Eric"]
[Black "Fortier, Marc-Andre"]
[Result "1-0"]
[WhiteElo "2344"]
[BlackElo "2204"]
[PlyCount "55"]
[GameId "2160767911183566"]
[EventDate "2004.03.19"]
[EventType "swiss"]
[EventRounds "5"]
[EventCountry "CAN"]
[SourceTitle "EXT 2005"]
[Source "ChessBase"]
[SourceDate "2004.11.15"]
[SourceVersion "1"]
[SourceVersionDate "2004.11.15"]
[SourceQuality "1"]

1. d4 g6 2. e4 Bg7 3. Nc3 d6 4. f4 c6 5. Nf3 Nf6 6. Bd3 O-O 7. O-O Bg4 8. e5 dxe5 9. dxe5 Nd5 10. h3 Nxc3 11. bxc3 Bxf3 12. Qxf3 Qa5 13. Rb1 b6 14. Be3 Qxc3 15. h4 e6 16. h5 Rd8 17. Rb3 Qa5 18. Qh3 Qd5 19. hxg6 hxg6 20. Bxg6 Na6 21. Qh7+ Kf8 22. f5 exf5 23. Rxf5 Rd7 24. Rd3 Qe6 25. Rxd7 Qxd7 26. Rxf7+ Qxf7 27. Bxf7 Kxf7 28. Bh6 1-0

[Event "Mauricie op"]
[Site "Trois-Rivieres CAN"]
[Date "2004.03.20"]
[Round "2"]
[White "Lopez, Jose"]
[Black "Mercier, Jean-Guy"]
[Result "1-0"]
[WhiteElo "1729"]
[BlackElo "1704"]
[PlyCount "85"]
[GameId "2160767911183567"]
[EventDate "2004.03.19"]
[EventType "swiss"]
[EventRounds "5"]
[EventCountry "CAN"]
[SourceTitle "EXT 2005"]
[Source "ChessBase"]
[SourceDate "2004.11.15"]
[SourceVersion "1"]
[SourceVersionDate "2004.11.15"]
[SourceQuality "1"]

1. e4 c5 2. Nf3 d6 3. d4 cxd4 4. Nxd4 Nf6 5. Nc3 a6 6. Bg5 e6 7. f4 Be7 8. Qf3 Qc7 9. O-O-O Nbd7 10. g4 h6 11. Bxf6 Nxf6 12. Bh3 b5 13. g5 hxg5 14. fxg5 Nh5 15. g6 Bg5+ 16. Kb1 Nf4 17. gxf7+ Qxf7 18. Bg4 Bb7 19. Rhf1 Rf8 20. Qg3 Qe7 21. Bxe6 Nxe6 22. Nxe6 Rxf1 23. Rxf1 Bf6 24. Nd5 Bxd5 25. exd5 Rd8 26. Nxd8 Kxd8 27. Re1 Be5 28. Qh3 g5 29. Qf3 Qg7 30. Rf1 Kc7 31. Qf7+ Qxf7 32. Rxf7+ Kb6 33. h3 Bg3 34. c3 a5 35. Kc2 Kc5 36. Rf5 Bh4 37. Kd3 b4 38. c4 a4 39. b3 a3 40. Rf8 Bg3 41. Rc8+ Kb6 42. Rc6+ Kb7 43. Ke4 1-0

[Event "Mauricie op"]
[Site "Trois-Rivieres CAN"]
[Date "2004.03.20"]
[Round "2"]
[White "Rodriguez, Aaron"]
[Black "Pilotte, Benoit"]
[Result "0-1"]
[WhiteElo "1762"]
[BlackElo "1737"]
[PlyCount "54"]
[GameId "2160767911183568"]
[EventDate "2004.03.19"]
[EventType "swiss"]
[EventRounds "5"]
[EventCountry "CAN"]
[SourceTitle "EXT 2006"]
[Source "ChessBase"]
[SourceDate "2005.11.24"]
[SourceVersion "1"]
[SourceVersionDate "2005.11.24"]
[SourceQuality "1"]

1. e4 d6 2. d4 Nf6 3. Nc3 g6 4. f3 Bg7 5. Be3 O-O 6. Qd2 c6 7. g4 b5 8. a3 a5 9. h4 h5 10. g5 Ne8 11. f4 Bb7 12. Bg2 b4 13. axb4 axb4 14. Na4 c5 15. e5 Qc7 16. dxc5 dxe5 17. Nf3 exf4 18. Bxf4 Qc6 19. Qxb4 Na6 20. Qd2 Nxc5 21. O-O Rxa4 22. Rab1 Ne4 23. Qc1 N8d6 24. Re1 Nf5 25. b3 Ra2 26. Nd2 Qc5+ 27. Kh2 Nxd2 0-1

[Event "Mauricie op"]
[Site "Trois-Rivieres CAN"]
[Date "2004.04.20"]
[Round "2"]
[White "Libersan, Thierry"]
[Black "Bolduc, Steve"]
[Result "0-1"]
[WhiteElo "2041"]
[BlackElo "2353"]
[PlyCount "90"]
[GameId "2160767911183569"]
[EventDate "2004.03.19"]
[EventType "swiss"]
[EventRounds "5"]
[EventCountry "CAN"]

1. e4 c5 2. Nf3 Nc6 3. d4 cxd4 4. Nxd4 g6 5. Be3 Nf6 6. Nc3 Bg7 7. Nb3 O-O 8. Be2 a5 9. a4 Nb4 10. e5 Ne8 11. f4 d6 12. Nb5 Bf5 13. N3d4 Be4 14. c3 Nd5 15. Qd2 dxe5 16. fxe5 Bxe5 17. Bf3 Bxf3 18. Nxf3 Bg7 19. O-O-O Nef6 20. Bd4 Qc8 21. Qc2 Qf5 22. Rhe1 Qxc2+ 23. Kxc2 Rfd8 24. Kb3 e6 25. Na3 Nd7 26. Nc4 Bxd4 27. Rxd4 N7b6 28. Nce5 f6 29. Ng4 Kf7 30. Red1 h5 31. Ne3 Ke7 32. Nxd5+ Rxd5 33. Rxd5 Nxd5 34. Nd4 Rc8 35. Nb5 h4 36. Rd4 g5 37. g3 h3 38. Rd3 f5 39. Nd4 Kf6 40. Ne2 Rc7 41. Nd4 Rd7 42. Ne2 Nb6 43. Rxd7 Nxd7 44. Ng1 g4 45. Kc4 Ke5 0-1

[Event "Mauricie op"]
[Site "Trois-Rivieres CAN"]
[Date "2004.03.20"]
[Round "3"]
[White "Amesse, Louis-Philippe"]
[Black "Archambault, Serge"]
[Result "1-0"]
[WhiteElo "1604"]
[BlackElo "1710"]
[PlyCount "21"]
[GameId "2160767911183570"]
[EventDate "2004.03.19"]
[EventType "swiss"]
[EventRounds "5"]
[EventCountry "CAN"]
[SourceTitle "EXT 2005"]
[Source "ChessBase"]
[SourceDate "2004.11.15"]
[SourceVersion "1"]
[SourceVersionDate "2004.11.15"]
[SourceQuality "1"]

1. d4 g6 2. c4 Bg7 3. Nc3 d6 4. e4 c6 5. Be2 f5 6. exf5 Bxf5 7. Nf3 Nf6 8. O-O O-O 9. Qb3 Qb6 10. Nb5 cxb5 11. c5+ 1-0